Online
Catalog

La literatura y la imagen del hombre : (Record no. 3225)

MARC details
000 -CABECERA
campo de control de longitud fija 00922cam a2200241 a 4500
001 - NÚMERO DE CONTROL
campo de control 000003395
005 - FECHA Y HORA DE LA ÚLTIMA TRANSACCIÓN
campo de control 20200929150429.0
008 - DATOS DE LONGITUD FIJA--INFORMACIÓN GENERAL
campo de control de longitud fija 850906s1973 ve b 000 0 spa
040 ## - FUENTE DE LA CATALOGACIÓN
Centro catalogador/agencia de origen DO-SdBNP
Lengua de catalogación spa
Centro/agencia transcriptor BNPHU
041 17 - CÓDIGO DE LENGUA
Código de lengua del texto/banda sonora o título independiente spa
Código de lengua original eng
082 ## - NÚMERO DE LA CLASIFICACIÓN DECIMAL DEWEY
Número de clasificación 809
Número de documento/Ítem L917l
100 1# - ENTRADA PRINCIPAL--NOMBRE DE PERSONA
Nombre de persona Lowenthal, Leo.
9 (RLIN) 10579
240 10 - TÍTULO UNIFORME
Título uniforme Literature and the image of man.
Lenguaje de la obra Español
245 13 - MENCIÓN DE TÍTULO
Título La literatura y la imagen del hombre :
Resto del título estudios sobre el teatro y la novela europeos, 1600-1900 /
Mención de responsabilidad, etc. Leo Lowenthal; traductor, Jaime Tello.
260 ## - PUBLICACIÓN, DISTRIBUCIÓN, ETC.
Lugar de publicación, distribución, etc. Venezuela :
Nombre del editor, distribuidor, etc. Biblioteca de la Universidad Central de Venezuela,
Fecha de publicación, distribución, etc. 1973.
300 ## - DESCRIPCIÓN FÍSICA
Extensión 310 p. ;
Dimensiones 18 cm.
490 1# - MENCIÓN DE SERIE
Mención de serie Temas
Designación de volumen o secuencia no. 51
534 ## - NOTA SOBRE LA VERSIÓN ORIGINAL
Encabezamiento principal del original Título original:
Mención de título del original Literature and the image of man.
650 #4 - PUNTO DE ACCESO ADICIONAL DE MATERIA--TÉRMINO DE MATERIA
Término de materia o nombre geográfico como elemento de entrada Literatura y sociedad
Subdivisión geográfica Europea
9 (RLIN) 10580
650 #4 - PUNTO DE ACCESO ADICIONAL DE MATERIA--TÉRMINO DE MATERIA
Término de materia o nombre geográfico como elemento de entrada Literatura europea
Subdivisión general Historia y crítica
Subdivisión cronológica SIGLO XX
9 (RLIN) 10581
700 1# - PUNTO DE ACCESO ADICIONAL--NOMBRE DE PERSONA
Nombre de persona Tello, Jaime
Término indicativo de función/relación tr.
9 (RLIN) 4853
830 #0 - PUNTO DE ACCESO ADICIONAL DE SERIE-TÍTULO UNIFORME
Título uniforme Temas ;
Designación de volumen o secuencia no. 51
9 (RLIN) 9064
Holdings
Estado de retiro Estado de pérdida Restricciones de uso No para préstamo Código de colección Localización permanente Ubicación/localización actual Ubicación en estantería Fecha de adquisición Número de inventario Total de préstamos Signatura topográfica completa Código de barras Fecha visto por última vez Precio válido a partir de Tipo de ítem Koha
    Préstamo interno   Monografías: Libros y Folletos General General En catalogación 08.07.2009 LF1   809 L917l 3395-10 25.06.2020 25.06.2020 Préstamo interno

Powered by Koha